000
00200 a2200097 4500
001
49483
100
_a
Scott
245
_a
Heart of Midlothian
260
_a
London
_b
Collins
_c
090
_c
32014
_d
32014
942
_a
NUST-CAE
_c
M
_c
24464
999
_c
284556
_d
284556